The Environmental Design Pocketbook (Record no. 115346)

MARC details
000 -LEADER
fixed length control field 00805cam a22002175a 4500
001 - CONTROL NUMBER
control field L158499
008 - FIXED-LENGTH DATA ELEMENTS--GENERAL INFORMATION
fixed length control field 150326s2015 xxk f 000 0 eng d
020 ## - INTERNATIONAL STANDARD BOOK NUMBER
International Standard Book Number 9781859465486
035 ## - SYSTEM CONTROL NUMBER
System control number (Sirsi) u158499
041 0# - LANGUAGE CODE
Language code of text/sound track or separate title eng
050 04 - LIBRARY OF CONGRESS CALL NUMBER
Classification number 720.47
100 1# - MAIN ENTRY--PERSONAL NAME
Personal name Pelsmakers, Sofie
245 04 - TITLE STATEMENT
Title The Environmental Design Pocketbook
250 ## - EDITION STATEMENT
Edition statement 2nd ed.
260 ## - PUBLICATION, DISTRIBUTION, ETC.
Place of publication, distribution, etc. London
Name of publisher, distributor, etc. RIBA Publishing
Date of publication, distribution, etc. 2015
300 ## - PHYSICAL DESCRIPTION
Extent 494p, 19cm
520 ## - SUMMARY, ETC.
Summary, etc. Gives information about how to design and deliver low energy buildings. This 2nd edition has the latest UK Building Regulations legislation and guidance, the RIBA Plan of Work 2013 and BREEAM credits. Also includes information about care and maintenance of buildings and LEED credits.
651 #4 - SUBJECT ADDED ENTRY--GEOGRAPHIC NAME
Geographic name UNITED KINGDOM
690 ## - LOCAL SUBJECT ADDED ENTRY--TOPICAL TERM (OCLC, RLIN)
Topical term or geographic name as entry element Sustainability
9 (RLIN) 6271
942 ## - ADDED ENTRY ELEMENTS (KOHA)
Suppress in OPAC 0
Holdings
Withdrawn status Lost status Source of classification or shelving scheme Damaged status Not for loan Home library Current library Shelving location Date acquired Total Checkouts Full call number Barcode Date last seen Copy number Price effective from Koha item type
    Dewey Decimal Classification     London London Books 26/03/2015   L158499 30075178 06/08/2019 1 06/08/2019 Book